| 000 | 00554nam a2200205 a 4500 | ||
|---|---|---|---|
| 005 | 20221126064837.0 | ||
| 008 | 061205s2004 mx r 000 0 spa d | ||
| 020 | _a9682325269 | ||
| 035 | _aUPN01000148491 | ||
| 049 | _aCG | ||
| 050 | 4 |
_aP106 _bC6.6 |
|
| 100 | 1 | _aColodro, Max | |
| 245 | 1 | 3 |
_aEl silencio en la palabra : _baproximaciones a lo innombrable / _cMax Colodro. |
| 260 |
_aMéxico : _bSiglo XXI, _c2004. |
||
| 300 | _a120 p. | ||
| 440 | 0 | _aTeoría | |
| 650 | 4 |
_aLENGUAS - _xFILOSOFIA _93839 |
|
| 650 | 2 |
_aSilencio _912473 |
|
| 905 | _aLibro | ||
| 999 |
_c120632 _d120632 |
||